000 00493nam a22001817a 4500
999 _c193991
_d193991
005 20221130123049.0
010 _aENG-135750
020 _a9789353461836
_c295.00
035 _aEN-119282
037 _bDBAD/PUB
082 _a881
100 _aDesai, Renu
245 _aA love unconditional/
_cby Renu Desai
260 _aHyderabad
_bJyoti Valboju J.V. Publications
_c2018
270 _bHyderabad
_k8096310140
300 _a64p.
_c23cm(pbk)
942 _2ddc
_cEN
_h881
_mDES